| 000 | 00416pab a2200169 454500 | ||
|---|---|---|---|
| 008 | 180718b2008 xxu||||| |||| 00| 0 eng d | ||
| 100 | _aSharma, Rajesh Kumar | ||
| 245 | _aViolence in the age of empire: scenario in contemporary India | ||
| 260 | _c2008 | ||
| 300 | _ap.17-19. | ||
| 362 | _a16 May | ||
| 650 | _aViolence - India | ||
| 650 | _aViolence | ||
| 773 | _aMainstream | ||
| 908 | _aN | ||
| 909 | _a78170 | ||
| 999 |
_c78170 _d78170 |
||